CNC Machining Handbook : Building, Programming, and Implementation

Salvato in:
Dettagli Bibliografici
Autore principale: Overby, Alan (Autore)
Natura: Libro
Lingua:inglese
Pubblicazione: New York : McGraw-Hill, 2011
Soggetti:
Tags: Aggiungi Tag
Nessun Tag, puoi essere il primo ad aggiungerne!!

MARC

LEADER 00000nam a22000003a 4500
001 stu261893
005 20150617225620.7
008 130130s2011----xxu-----------------eng-d
020 |a 978-0-07-162301-8 
040 |a STU  |b slo 
041 0 |a eng 
044 |a xxu 
080 |a 621.9  |7 stu_us_auth*stu8061 
100 1 |a Overby, Alan  |4 aut 
245 1 |a CNC Machining Handbook :  |b Building, Programming, and Implementation 
260 |a New York :  |b McGraw-Hill,  |c 2011 
300 |a 260 s 
650 7 |a obrábacie stroje  |2 stusub 
650 7 |a CNC  |2 stusub 
996 |b 284M084721  |c M*13408-1  |l MMST  |s A  |a 24  |w stu261893_0001